Effect of Nitrogen and Weed Management of Crop-Weed Competition and Yield of Wheat (Record no. 50561)

MARC details
000 -LEADER
fixed length control field 00442nam a22001697a 4500
003 - CONTROL NUMBER IDENTIFIER
control field OSt
008 - FIXED-LENGTH DATA ELEMENTS--GENERAL INFORMATION
fixed length control field 260512b |||||||| |||| 00| 0 eng d
082 ## - DEWEY DECIMAL CLASSIFICATION NUMBER
Classification number 633.11
Item number A61E
100 ## - MAIN ENTRY--PERSONAL NAME
Personal name Kumar, Anil
245 ## - TITLE STATEMENT
Title Effect of Nitrogen and Weed Management of Crop-Weed Competition and Yield of Wheat
260 ## - PUBLICATION, DISTRIBUTION, ETC. (IMPRINT)
Place of publication, distribution, etc Pusa, Samastipur
Name of publisher, distributor, etc RAU
Date of publication, distribution, etc 1991
300 ## - PHYSICAL DESCRIPTION
Extent 183P.
502 ## - DISSERTATION NOTE
Degree type Msc.
Year degree granted 1991
650 ## - SUBJECT ADDED ENTRY--TOPICAL TERM
Topical term or geographic name as entry element Agronomy
650 ## - SUBJECT ADDED ENTRY--TOPICAL TERM
Topical term or geographic name as entry element Msc.
942 ## - ADDED ENTRY ELEMENTS (KOHA)
Source of classification or shelving scheme
Koha item type Thesis
Holdings
Withdrawn status Lost status Source of classification or shelving scheme Damaged status Not for loan Home library Current library Date acquired Source of acquisition Total Checkouts Full call number Barcode Date last seen Bill Date Koha item type Bill Number
          Dr. Rajendra Prasad Central Agricultural University Pusa, Dr. Rajendra Prasad Central Agricultural University Pusa, 12/05/2026 By Authors   633.11 A61E 43128-UL 12/05/2026 12/05/2026 Thesis Gift
Hosted, Implemented, Customized & Maintained by: BestBookBuddies

Powered by Koha